000 00368nam a2200121Ia 4500
005 20251222141906.0
008 251222s9999||||xx |||||||||||||| ||spa||
082 _a352.558.5/A49/2004
100 _aÁlvarez Pedroza, Alejandro
245 0 _aCompendio de Normas Aplicables en las Contrataciones y Adquisiciones del Estado
264 _bMarketing Consultores
942 _cLIB
999 _c8216
_d8216